Análisis de discurso: principios y procedimientos
Saved in:
| Hovedforfatter: | |
|---|---|
| Format: | Bog |
| Sprog: | spansk |
| Udgivet: |
Santiago
Lom
2012
|
| Udgivelse: | 1a. ed |
| Serier: | Comunicación y Periodismo. Ciencias Humanas
|
| Fag: | |
| Tags: |
Tilføj Tag
Ingen Tags, Vær først til at tagge denne postø!
|
MARC
| LEADER | 00000cam a2200000 a 4500 | ||
|---|---|---|---|
| 001 | UCF4558 | ||
| 003 | CL-VaPUC | ||
| 008 | 121213e20120000CL |||||||||||||||||spa|d | ||
| 020 | |a 9789560003409 | ||
| 082 | 0 | 4 | |a 410 |b ORL |2 21 |
| 100 | |a Orlandi, Eni de Lourdes Puccinelli |e autora |9 566097 | ||
| 245 | 1 | 0 | |a Análisis de discurso: principios y procedimientos |
| 250 | |a 1a. ed | ||
| 300 | |a 106 p | ||
| 942 | |c BK | ||
| 945 | |d 20121213 00:00:00 |a dcastane | ||
| 260 | |a Santiago |b Lom |c 2012 | ||
| 650 | 0 | |a Lingüística |9 265068 | |
| 650 | 0 | |a Análisis del discurso |9 256696 | |
| 650 | 0 | |a Análisis lingüístico |9 314711 | |
| 583 | |a last modification |c 20140324 10:09:49 |k Rodrigo Vera | ||
| 490 | 0 | |a Comunicación y Periodismo. Ciencias Humanas | |
| 999 | |c 350314 |d 350312 | ||
| 952 | |0 0 |1 0 |4 0 |6 410_000000000000000_ORL_2012 |7 0 |8 A |9 453593 |a BIBING |b BIBING |d 2019-11-22 |i 4933613 |o 410 ORL 2012 |p 4933613 |r 2025-01-20 |w 2019-11-22 |y BK |k CUI | ||